[Event "VIII Open A Inverno"]
[Site "Offida ITA"]
[Date "2010.12.05"]
[Round "1"]
[White "Fioravanti, Emidio"]
[Black "Silvestri, Giorgio"]
[Result "1-0"]
[WhiteElo "1963"]
[BlackElo "1780"]
[PlyCount "88"]
[EventDate "2010.12.05"]

1. e4 e6 2. d4 d5 3. e5 c5 4. c3 Nc6 5. Nf3 Qb6 6. Bd3 cxd4 7. cxd4 Bd7 8. O-O
O-O-O 9. Nc3 f6 10. Na4 Qc7 11. Bf4 f5 12. Rc1 g6 13. Nc5 Bxc5 14. Rxc5 h6 15.
Qc2 g5 16. Bd2 Kb8 17. Rc1 Rc8 18. Bb5 Qd8 19. Qa4 Nge7 20. b4 g4 21. Ne1 a6
22. Bf1 Nxd4 23. Rxc8+ Nxc8 24. Qd1 Nb5 25. Nd3 Bc6 26. Nc5 Nc7 27. Qb3 Bb5 28.
a4 Bxf1 29. Kxf1 Qe8 30. Qc2 Qe7 31. b5 axb5 32. Bb4 Qe8 33. axb5 Nb6 34. Nxb7
Qd7 35. Nd6 Nxb5 36. Nxb5 Qxb5+ 37. Kg1 Rc8 38. Bd6+ Kb7 39. Qd2 Rxc1+ 40. Qxc1
Nc4 41. Bf8 Nxe5 42. Bxh6 Nd3 43. Qc2 Qc4 44. Qb1+ Kc7 1-0

[Event "VIII Open A Inverno"]
[Site "Offida ITA"]
[Date "2010.12.05"]
[Round "1"]
[White "Gregori, Giacomo"]
[Black "Barnabei, Stefano"]
[Result "1-0"]
[WhiteElo "1902"]
[BlackElo "1746"]
[PlyCount "79"]
[EventDate "2010.12.05"]

1. d4 d5 2. c4 dxc4 3. Nf3 Nf6 4. g3 e6 5. Bg2 c5 6. O-O Be7 7. Qa4+ Nbd7 8.
Qxc4 O-O 9. Rd1 Qb6 10. Nc3 cxd4 11. Na4 Qb4 12. Qxb4 Bxb4 13. a3 Be7 14. Nxd4
a6 15. b4 Rb8 16. Bb2 Re8 17. Rac1 Nd5 18. e4 N5b6 19. Nxb6 Nxb6 20. Nb3 Bd7
21. Nc5 Bb5 22. Bf1 Bxf1 23. Kxf1 Bxc5 24. bxc5 Na4 25. Be5 Rbc8 26. Bd6 Red8
27. e5 h6 28. Ke2 f6 29. f4 Kf7 30. g4 Rc6 31. Rd4 b5 32. Rd2 Rdc8 33. Rdc2 f5
34. gxf5 exf5 35. Ke3 Ke6 36. Kd4 Rg8 37. h4 g5 38. hxg5 hxg5 39. Rh1 gxf4 40.
Rh7 1-0

[Event "VIII Open A Inverno"]
[Site "Offida ITA"]
[Date "2010.12.05"]
[Round "1"]
[White "Piergentili, Roberto"]
[Black "Di Donatantonio, Franco"]
[Result "0-1"]
[WhiteElo "1791"]
[BlackElo "2123"]
[PlyCount "90"]
[EventDate "2010.12.05"]

1. d4 d6 2. c4 Nf6 3. Nc3 Nbd7 4. e4 e5 5. d5 Be7 6. Bd3 O-O 7. Nf3 Nc5 8. b4
Nxd3+ 9. Qxd3 Bg4 10. O-O c6 11. Bg5 Nxd5 12. Bxe7 Nxe7 13. Rad1 Bxf3 14. gxf3
Ng6 15. Kh1 Qf6 16. b5 Nh4 17. Qe3 Nxf3 18. Rd3 Nd4 19. Rfd1 Qe6 20. f4 Qxc4
21. f5 f6 22. Rg1 Rf7 23. Qh3 Nxb5 24. Rdg3 Nxc3 25. Qh6 Qxe4+ 26. R1g2 Qe1+
27. Rg1 Qxg1+ 28. Rxg1 Ne4 29. h4 d5 30. Qe3 b6 31. h5 Ng5 32. a4 d4 33. Qc1 c5
34. Qc4 Rd8 35. a5 d3 36. axb6 axb6 37. Qb3 Rd6 38. Ra1 h6 39. Kg2 d2 40. Kf2
c4 41. Qc2 b5 42. Ke2 e4 43. Kd1 e3 44. Qb2 e2+ 45. Kxe2 Re7+ 0-1

[Event "VIII Open A Inverno"]
[Site "Offida ITA"]
[Date "2010.12.05"]
[Round "1"]
[White "Santinelli, Michele"]
[Black "Giobbi, Costantino"]
[Result "0-1"]
[WhiteElo "1747"]
[BlackElo "1916"]
[PlyCount "52"]
[EventDate "2010.12.05"]

1. Nf3 Nf6 2. d4 e6 3. Bg5 Be7 4. Nbd2 d5 5. e3 h6 6. Bh4 O-O 7. Bd3 c5 8. c3
Nc6 9. Qe2 Qc7 10. Bg3 Bd6 11. dxc5 Bxg3 12. hxg3 e5 13. e4 Bg4 14. exd5 Bxf3
15. gxf3 Nxd5 16. Ne4 Nce7 17. O-O Rad8 18. b4 Ng6 19. Bc4 Ndf4 20. gxf4 Nxf4
21. Qe3 b5 22. Be2 Qe7 23. Rad1 f5 24. Bxb5 Kh8 25. a4 h5 26. Nd2 Qg5+ 0-1

[Event "VIII Open A Inverno"]
[Site "Offida ITA"]
[Date "2010.12.05"]
[Round "2"]
[White "Barnabei, Stefano"]
[Black "Piergentili, Roberto"]
[Result "1/2-1/2"]
[WhiteElo "1746"]
[BlackElo "1791"]
[PlyCount "53"]
[EventDate "2010.12.05"]

1. e4 c5 2. Nf3 d6 3. d4 cxd4 4. Nxd4 Nf6 5. Nc3 a6 6. Be3 e5 7. Nb3 Be6 8. Bd3
Be7 9. O-O Nbd7 10. Qd2 Ng4 11. Rad1 Nxe3 12. Qxe3 O-O 13. Kh1 Bg5 14. Qe2 Nb6
15. Nd5 Bxd5 16. exd5 f5 17. c3 Rc8 18. Bb1 Qc7 19. Qh5 Qe7 20. Qe2 Qf7 21. Rd3
Nxd5 22. Qd1 Nf4 23. Rxd6 Rfd8 24. g3 Be7 25. Rxd8+ Rxd8 26. Qf3 Qc4 27. Re1
1/2-1/2

[Event "VIII Open A Inverno"]
[Site "Offida ITA"]
[Date "2010.12.05"]
[Round "2"]
[White "Di Donatantonio, Franco"]
[Black "Gregori, Giacomo"]
[Result "1/2-1/2"]
[WhiteElo "2123"]
[BlackElo "1902"]
[PlyCount "93"]
[EventDate "2010.12.05"]

1. e4 d6 2. Nf3 Nf6 3. d3 e5 4. Be2 Be7 5. O-O O-O 6. Re1 c6 7. Nbd2 Nbd7 8. c3
Re8 9. Nf1 Bf8 10. Ng3 g6 11. h3 Bg7 12. Be3 Nf8 13. Qc2 Qc7 14. Rad1 b5 15. d4
a6 16. dxe5 dxe5 17. Bc5 N6d7 18. Bd6 Qa7 19. c4 Bb7 20. a4 Qb6 21. b4 Rac8 22.
c5 Qd8 23. a5 Qf6 24. Nh2 h5 25. Bxf8 Nxf8 26. Rd6 Ne6 27. Bxh5 gxh5 28. Nxh5
Qg5 29. Nxg7 Qxg7 30. Re3 Kf8 31. Rg3 Qh8 32. Nf3 Rcd8 33. Qd2 f6 34. Rg4 Kf7
35. Nh4 Rxd6 36. cxd6 Rg8 37. Nf5 Rxg4 38. hxg4 Qf8 39. d7 Kg6 40. Nd6 Nd8 41.
f4 c5 42. f5+ Kh7 43. Nxb7 Nxb7 44. Qd5 Nd8 45. bxc5 Qh6 46. Qd6 Qe3+ 47. Kh2
1/2-1/2

[Event "VIII Open A Inverno"]
[Site "Offida ITA"]
[Date "2010.12.05"]
[Round "2"]
[White "Di Martino, Antonio"]
[Black "Faini, Ivano"]
[Result "1-0"]
[WhiteElo "1890"]
[BlackElo "1674"]
[PlyCount "66"]
[EventDate "2010.12.05"]

1. e4 d5 2. exd5 Qxd5 3. Nc3 Qa5 4. d4 c6 5. Bd2 Qc7 6. Bd3 Nf6 7. Nge2 e6 8.
Ng3 Be7 9. Nce4 Nbd7 10. O-O b6 11. f4 O-O 12. f5 Nxe4 13. Nxe4 Nf6 14. fxe6
Bxe6 15. c3 Nxe4 16. Bxe4 Bd5 17. Bxd5 cxd5 18. Qh5 Rad8 19. Rf3 g6 20. Qh6 f5
21. Bf4 Bd6 22. Bxd6 Rxd6 23. Re1 Qg7 24. Qf4 Rdf6 25. Rfe3 g5 26. Qf3 Qd7 27.
Re5 Kh8 28. Qxd5 Qa4 29. Re7 Qc2 30. Qb7 Rh6 31. Re8 Rhf6 32. Qe7 h6 33. Qxf6+
Kh7 1-0

[Event "VIII Open A Inverno"]
[Site "Offida ITA"]
[Date "2010.12.05"]
[Round "2"]
[White "Faini, Marco"]
[Black "Di Giacobbe, Matteo"]
[Result "1-0"]
[WhiteElo "1951"]
[BlackElo "1720"]
[PlyCount "45"]
[EventDate "2010.12.05"]

1. c4 Nf6 2. g3 g6 3. Bg2 d5 4. d3 Bg7 5. Nc3 dxc4 6. Qa4+ c6 7. Qxc4 O-O 8.
Qb3 Nbd7 9. Nf3 Qb6 10. Qc2 Nd5 11. O-O N7f6 12. Nd2 Be6 13. Nc4 Qc7 14. a3
Rfd8 15. Ne3 Nxc3 16. bxc3 Nd5 17. Nxd5 cxd5 18. Bb2 Rac8 19. Rfc1 Bf5 20. Qb3
Be6 21. a4 Qd7 22. a5 a6 23. Rc2 1-0

[Event "VIII Open A Inverno"]
[Site "Offida ITA"]
[Date "2010.12.05"]
[Round "2"]
[White "Giobbi, Costantino"]
[Black "Dazj, Andrea"]
[Result "0-1"]
[WhiteElo "1916"]
[BlackElo "1864"]
[PlyCount "72"]
[EventDate "2010.12.05"]

1. d4 d5 2. Nf3 e6 3. e3 f5 4. c4 c6 5. Nc3 Nf6 6. Qb3 Bd6 7. Bd3 O-O 8. Bd2 a6
9. c5 Bc7 10. Qc2 Nbd7 11. b4 Ne4 12. Ne2 Qe7 13. Bc3 Qf6 14. Bb2 g5 15. Nd2
Qh6 16. Nf1 Qh4 17. Neg3 Ndf6 18. Rg1 Ng4 19. f3 Nxg3 20. hxg3 Bxg3+ 21. Ke2
Bf2 22. g3 Qh3 23. fxg4 Bxg1 24. Kd2 fxg4 25. Kc3 Rf2 26. Qb3 Bd7 27. a4 Qg2
28. Ba3 Raf8 29. b5 Rxf1 30. Bxf1 Rxf1 31. Rxf1 Qxf1 32. bxa6 Qe1+ 33. Kb2 Qe2+
34. Ka1 Qxa6 35. Qd1 Bxe3 36. Qxg4 Qxa4 0-1

[Event "VIII Open A Inverno"]
[Site "Offida ITA"]
[Date "2010.12.08"]
[Round "3"]
[White "Coccagna, Marcello"]
[Black "Giobbi, Costantino"]
[Result "0-1"]
[WhiteElo "1487"]
[BlackElo "1916"]
[PlyCount "59"]
[EventDate "2010.12.05"]

1. e4 c5 2. Nf3 d6 3. c4 Nc6 4. Nc3 e6 5. d4 cxd4 6. Nxd4 Nf6 7. Bg5 Be7 8.
Nxc6 bxc6 9. Be2 O-O 10. Bf3 e5 11. O-O Be6 12. b3 Qc7 13. Qd2 Rad8 14. Rfd1
Rfe8 15. Bh4 Nxe4 16. Nxe4 Bxh4 17. Nxd6 Rf8 18. c5 f5 19. Bh5 Bd5 20. Qe3 Bf6
21. Nxf5 g6 22. Qg3 Kh8 23. Bxg6 Rg8 24. Qh3 Rxg6 25. Nd6 Bxg2 26. Qxg2 Rxg2+
27. Kxg2 Rg8+ 28. Kf1 e4 29. Re1 Bxa1 30. Rxa1 0-1

[Event "VIII Open A Inverno"]
[Site "Offida ITA"]
[Date "2010.12.08"]
[Round "3"]
[White "Fioravanti, Emidio"]
[Black "Dazj, Andrea"]
[Result "1-0"]
[WhiteElo "1963"]
[BlackElo "1864"]
[PlyCount "65"]
[EventDate "2010.12.05"]

1. e4 c5 2. Nf3 d6 3. d4 cxd4 4. Nxd4 Nf6 5. Nc3 a6 6. Bc4 Qc7 7. Bb3 e6 8. Be3
Be7 9. O-O Bd7 10. f3 Nc6 11. Qd2 O-O 12. Qf2 Rac8 13. Rfd1 Ne5 14. Rd2 Nc4 15.
Bxc4 Qxc4 16. Rad1 Rfd8 17. Nb3 Be8 18. Bb6 Rd7 19. Rd4 Qc6 20. R4d2 Bd8 21.
Be3 b5 22. a3 Bc7 23. Kh1 Rcd8 24. Bg5 d5 25. Bxf6 gxf6 26. exd5 exd5 27. Qh4
Be5 28. Nd4 Bxd4 29. Rxd4 Rd6 30. Rg4+ Kf8 31. Qxh7 Ke7 32. Rgd4 a5 33. Qd3 1-0

[Event "VIII Open A Inverno"]
[Site "Offida ITA"]
[Date "2010.12.08"]
[Round "3"]
[White "Gregori, Giacomo"]
[Black "Di Martino, Antonio"]
[Result "1-0"]
[WhiteElo "1902"]
[BlackElo "1890"]
[PlyCount "109"]
[EventDate "2010.12.05"]

1. d4 d5 2. Nf3 Nf6 3. c4 e6 4. Nc3 Be7 5. Bg5 O-O 6. e3 Nbd7 7. Qc2 h6 8. Bh4
c5 9. cxd5 cxd4 10. Nxd4 Nxd5 11. Bxe7 Qxe7 12. Nxd5 exd5 13. Bd3 Ne5 14. O-O
Be6 15. Rac1 Rac8 16. Qd2 Nc6 17. Bb1 Nxd4 18. Qxd4 b6 19. Bd3 Rc5 20. b4 Rc7
21. Ba6 Bc8 22. Rxc7 Qxc7 23. Bxc8 Rxc8 24. Qxd5 Rd8 25. Qb3 Rd2 26. Rd1 Qc2
27. Rxd2 Qxd2 28. g3 Kf8 29. Qc4 Qd7 30. Kg2 Ke7 31. b5 Qe6 32. Qb4+ Qd6 33.
Qe4+ Qe6 34. Kf3 Kd6 35. Qc6+ Ke5 36. Qxe6+ fxe6 37. Ke2 Kd5 38. Kd3 Kc5 39. a4
Kb4 40. e4 Kxa4 41. Kc4 Ka5 42. f4 a6 43. bxa6 b5+ 44. Kc5 Kxa6 45. Kb4 Kb6 46.
g4 g6 47. h4 Kc6 48. g5 hxg5 49. hxg5 Kd6 50. Kxb5 e5 51. f5 gxf5 52. exf5 e4
53. Kc4 Ke5 54. f6 Kf5 55. f7 1-0

[Event "VIII Open A Inverno"]
[Site "Offida ITA"]
[Date "2010.12.08"]
[Round "3"]
[White "Silvestri, Giorgio"]
[Black "Di Donatantonio, Franco"]
[Result "0-1"]
[WhiteElo "1780"]
[BlackElo "2123"]
[PlyCount "90"]
[EventDate "2010.12.05"]

1. d4 d6 2. Nf3 Nf6 3. c4 Nbd7 4. Nc3 e5 5. Bg5 Be7 6. e3 O-O 7. Bd3 c6 8. O-O
Re8 9. Bxf6 Bxf6 10. Ne4 Be7 11. dxe5 dxe5 12. Ng3 Qc7 13. Qc2 Nf6 14. Ng5 g6
15. N5e4 Ng4 16. h3 Nh6 17. c5 Be6 18. Bc4 Bd5 19. b4 Rad8 20. Rad1 Qc8 21.
Bxd5 cxd5 22. Nc3 Qc6 23. e4 dxe4 24. Ngxe4 Nf5 25. Qc1 Nd4 26. Qb2 Qe6 27. Ng3
Bf8 28. Rd3 b6 29. cxb6 axb6 30. Rfd1 Bg7 31. Nb5 Qc4 32. Nxd4 Rxd4 33. Rxd4
exd4 34. Qd2 Ra8 35. a3 Rxa3 36. Rc1 Rc3 37. Ra1 h6 38. Ra8+ Kh7 39. Qf4 Rc1+
40. Kh2 Qc7 41. Qe4 Qc6 42. Qf4 Qxa8 43. Qxc1 d3 44. h4 Qd5 45. Nf1 Qd4 0-1

[Event "VIII Open A Inverno"]
[Site "Offida ITA"]
[Date "2010.12.08"]
[Round "4"]
[White "Barnabei, Stefano"]
[Black "Coccagna, Marcello"]
[Result "1-0"]
[WhiteElo "1746"]
[BlackElo "1487"]
[PlyCount "45"]
[EventDate "2010.12.05"]

1. e4 c5 2. Nf3 Nc6 3. d4 cxd4 4. Nxd4 Nxd4 5. Qxd4 Qc7 6. Nc3 e5 7. Qc4 Bc5 8.
Nd5 Qd6 9. b4 Bb6 10. Nxb6 axb6 11. Bd3 Ne7 12. Be3 O-O 13. O-O Qf6 14. h3 Ng6
15. Rfd1 Nh4 16. Bf1 Qg6 17. Qd5 Re8 18. g3 Nf3+ 19. Kg2 Qh5 20. Be2 Re6 21.
Rh1 Rf6 22. Qb5 d6 23. Qe8# 1-0

[Event "VIII Open A Inverno"]
[Site "Offida ITA"]
[Date "2010.12.08"]
[Round "4"]
[White "Dazj, Andrea"]
[Black "Di Martino, Antonio"]
[Result "1-0"]
[WhiteElo "1864"]
[BlackElo "1890"]
[PlyCount "95"]
[EventDate "2010.12.05"]

1. d4 d5 2. Nf3 Nf6 3. e3 e6 4. Bd3 c5 5. c3 Nc6 6. Nbd2 Bd7 7. Qe2 Bd6 8. O-O
O-O 9. dxc5 Bxc5 10. e4 dxe4 11. Nxe4 Be7 12. Bf4 Nxe4 13. Qxe4 g6 14. Rad1 Qc8
15. Rfe1 Bf6 16. h4 Ne7 17. Qe2 Bc6 18. Nh2 Nd5 19. Bh6 Rd8 20. h5 Bg7 21. Bc1
Qc7 22. g3 Rd7 23. hxg6 hxg6 24. Ng4 Re8 25. Nh6+ Kf8 26. Qg4 Red8 27. Bg5 Nf6
28. Qb4+ Qd6 29. Qh4 Qd5 30. Bf1 Qf3 31. Rxd7 Rxd7 32. Re3 Qd5 33. Rd3 Qe4 34.
Rxd7 Nxd7 35. Qxe4 Bxe4 36. Ng4 f5 37. Nh2 Nc5 38. Be3 Na4 39. Bc4 Ke7 40. Bc1
Kd6 41. Nf1 Bd5 42. Bb5 Nc5 43. a3 a6 44. Be2 Na4 45. Ne3 Bb3 46. Kf1 Nc5 47.
Ng2 a5 48. Nh4 1-0

[Event "VIII Open A Inverno"]
[Site "Offida ITA"]
[Date "2010.12.08"]
[Round "4"]
[White "Di Donatantonio, Franco"]
[Black "Fioravanti, Emidio"]
[Result "1-0"]
[WhiteElo "2123"]
[BlackElo "1963"]
[PlyCount "103"]
[EventDate "2010.12.05"]

1. e4 c5 2. Nf3 d6 3. Bb5+ Nd7 4. O-O a6 5. Bxd7+ Bxd7 6. c3 e6 7. d3 Nf6 8.
Nbd2 Be7 9. Qe2 O-O 10. Re1 Bc6 11. Nf1 Qc7 12. Ng3 Rad8 13. Bf4 Rfe8 14. Rad1
Qa5 15. Ra1 b5 16. h3 Qb6 17. Nh2 Bb7 18. Nh5 Qc6 19. Bg5 Nxh5 20. Qxh5 f5 21.
Nf3 Qd7 22. Rad1 Bxg5 23. Nxg5 g6 24. Qh6 Qg7 25. Qxg7+ Kxg7 26. exf5 Kf6 27.
Nxe6 Rd7 28. Nf4 Rxe1+ 29. Rxe1 gxf5 30. h4 Re7 31. Nh5+ Kf7 32. Rxe7+ Kxe7 33.
f3 Bd5 34. a3 Bb3 35. Kf2 Bf7 36. Nf4 Kf6 37. g4 Ke5 38. Ke3 a5 39. g5 d5 40.
d4+ Kd6 41. h5 c4 42. g6 hxg6 43. h6 Bg8 44. Nxg6 Ke6 45. h7 Bxh7 46. Nf8+ Kf6
47. Nxh7+ Ke6 48. Kf4 b4 49. cxb4 axb4 50. axb4 Kd6 51. Nf6 Kc6 52. Kxf5 1-0

[Event "VIII Open A Inverno"]
[Site "Offida ITA"]
[Date "2010.12.08"]
[Round "4"]
[White "Giobbi, Costantino"]
[Black "Gregori, Giacomo"]
[Result "0-1"]
[WhiteElo "1916"]
[BlackElo "1902"]
[PlyCount "110"]
[EventDate "2010.12.05"]

1. d4 Nf6 2. Nf3 g6 3. g3 Bg7 4. Bg2 O-O 5. c4 d6 6. O-O Nbd7 7. Nc3 e5 8. e4
Re8 9. d5 a5 10. Ne1 h5 11. Bg5 Nf8 12. Nd3 N8h7 13. Bxf6 Nxf6 14. c5 h4 15.
cxd6 cxd6 16. Nb5 hxg3 17. hxg3 Qb6 18. Na3 Bg4 19. Bf3 Bxf3 20. Qxf3 Nxd5 21.
Rfd1 Nf6 22. Ne1 Rac8 23. Rac1 Rxc1 24. Rxc1 Qxb2 25. Rb1 Qd2 26. Nac2 Rc8 27.
Rxb7 Rxc2 28. Nxc2 Qxc2 29. Qb3 Qxb3 30. Rxb3 Nxe4 31. Ra3 d5 32. Rxa5 d4 33.
Ra8+ Kh7 34. a4 Nd6 35. Rb8 e4 36. a5 d3 37. a6 Bd4 38. Rb1 Ne8 39. Kf1 Nc7 40.
Rb4 Bc5 41. Rxe4 Nxa6 42. Rc4 Bf8 43. Rc8 Kg7 44. Ke1 Nb4 45. Kd2 f5 46. Rb8
Be7 47. Rb7 Kf6 48. Ra7 Ke6 49. Ra8 g5 50. Ra7 f4 51. gxf4 gxf4 52. f3 Bc5 53.
Rb7 Kd5 54. Kc3 Bd4+ 55. Kxb4 d2 0-1

[Event "VIII Open A Inverno"]
[Site "Offida ITA"]
[Date "2010.12.08"]
[Round "4"]
[White "Santinelli, Michele"]
[Black "Piergentili, Roberto"]
[Result "1-0"]
[WhiteElo "1747"]
[BlackElo "1791"]
[PlyCount "27"]
[EventDate "2010.12.05"]

1. Nf3 Nf6 2. d4 d5 3. Bf4 c5 4. c3 Qb6 5. Qc2 cxd4 6. cxd4 Bf5 7. Qxf5 Nc6 8.
Qc2 e6 9. e3 Bb4+ 10. Nbd2 O-O 11. Bd3 Rac8 12. Qd1 Ba5 13. Bd6 Rfe8 14. O-O
1-0

[Event "VIII Open A Inverno"]
[Site "Offida ITA"]
[Date "2010.12.12"]
[Round "5"]
[White "Dazj, Andrea"]
[Black "Di Donatantonio, Franco"]
[Result "0-1"]
[WhiteElo "1864"]
[BlackElo "2123"]
[PlyCount "88"]
[EventDate "2010.12.05"]

1. Nf3 Nf6 2. g3 d6 3. Bg2 e5 4. d3 Be7 5. Nbd2 O-O 6. O-O c6 7. e4 Qc7 8. Qe2
Nbd7 9. Re1 Re8 10. Nf1 Nf8 11. Ne3 Ng6 12. h3 h6 13. Nh2 Be6 14. Rf1 Rad8 15.
f4 Bc8 16. f5 Nf8 17. Neg4 N6h7 18. Nf2 d5 19. Be3 b6 20. h4 Ba6 21. c4 dxc4
22. dxc4 Nd7 23. b3 Bc5 24. Bc1 Bd4 25. Rb1 b5 26. g4 bxc4 27. Kh1 Nc5 28. bxc4
Qe7 29. Nf3 Bxf2 30. Rxf2 Nd3 31. Rf1 Bxc4 32. Qc2 Bb5 33. a4 Nb4 34. Qc3 Bxf1
35. Bxf1 Rd1 36. Kg2 Na2 37. Qc2 Rxc1 38. Rxc1 Nxc1 39. Qxc1 Nf6 40. Qxc6 Nxg4
41. Bb5 Rd8 42. Kg3 h5 43. a5 Qa3 44. a6 Qe3 0-1

[Event "VIII Open A Inverno"]
[Site "Offida ITA"]
[Date "2010.12.12"]
[Round "5"]
[White "Di Giacobbe, Matteo"]
[Black "Santinelli, Michele"]
[Result "1/2-1/2"]
[WhiteElo "1720"]
[BlackElo "1747"]
[PlyCount "137"]
[EventDate "2010.12.05"]

1. e4 Nc6 2. d4 e5 3. dxe5 Nxe5 4. Nf3 Ng6 5. c3 d6 6. Be3 Nf6 7. Bd3 Bg4 8.
Nbd2 Ne5 9. Be2 Bxf3 10. gxf3 g6 11. f4 Nc6 12. f3 Bg7 13. Qc2 Qd7 14. O-O-O a6
15. Rdg1 O-O-O 16. f5 Kb8 17. Qb3 Ka8 18. c4 Qe7 19. a3 Nd7 20. fxg6 hxg6 21.
Bg5 f6 22. Be3 g5 23. Qc2 Rh7 24. h3 Rdh8 25. Bf1 Qe5 26. Nb3 Nc5 27. Kb1 Nxb3
28. Qxb3 Nd4 29. Qd1 Ne6 30. Qd2 Bf8 31. Qd5 Be7 32. Qxe5 fxe5 33. Bg2 Nf4 34.
Bxf4 gxf4 35. Bf1 Bh4 36. Rh2 Bg3 37. Re2 Ka7 38. Kc2 Kb6 39. b3 Kc5 40. a4 Kb4
41. Rd2 Rg7 42. Re2 Rh5 43. Rd2 Rhg5 44. Rdg2 Rh7 45. Re2 c6 46. Rd2 Rg6 47.
Re2 Rd7 48. Rd2 Kc5 49. Kc3 a5 50. Re2 Re6 51. Kc2 d5 52. Rd2 Red6 53. cxd5
cxd5 54. exd5 Rxd5 55. Rxd5+ Rxd5 56. Bd3 Kd4 57. Be4 Rc5+ 58. Kb2 b5 59. Rd1+
Ke3 60. Rd5 Rxd5 61. Bxd5 bxa4 62. bxa4 Kf2 63. Kb3 Kg2 64. Kc4 Kxh3 65. Be4
Bf2 66. Kd5 Bd4 67. Bd3 Kg3 68. Ke4 Kf2 69. Bb5 1/2-1/2

[Event "VIII Open A Inverno"]
[Site "Offida ITA"]
[Date "2010.12.12"]
[Round "5"]
[White "Di Martino, Antonio"]
[Black "Barnabei, Stefano"]
[Result "1-0"]
[WhiteElo "1890"]
[BlackElo "1746"]
[PlyCount "41"]
[EventDate "2010.12.05"]

1. e4 d5 2. exd5 Qxd5 3. Nc3 Qa5 4. d4 c6 5. Bd2 Qc7 6. Bd3 Nf6 7. Nge2 e6 8.
Bf4 Bd6 9. Qd2 Nbd7 10. O-O O-O 11. Rad1 Bxf4 12. Nxf4 Nd5 13. Ncxd5 exd5 14.
Nh5 Nb6 15. Nxg7 f6 16. Nf5 Bxf5 17. Bxf5 Nc4 18. Qc3 Qf4 19. Qh3 h6 20. Rd3
Kh8 21. Rf3 1-0

[Event "VIII Open A Inverno"]
[Site "Offida ITA"]
[Date "2010.12.12"]
[Round "5"]
[White "Gregori, Giacomo"]
[Black "Fioravanti, Emidio"]
[Result "1-0"]
[WhiteElo "1902"]
[BlackElo "1963"]
[PlyCount "63"]
[EventDate "2010.12.05"]

1. Nf3 Nf6 2. c4 c5 3. Nc3 Nc6 4. g3 g6 5. Bg2 Bg7 6. O-O O-O 7. d4 cxd4 8.
Nxd4 Qc7 9. Bf4 e5 10. Ndb5 Qb8 11. Be3 b6 12. Nd5 Ne8 13. Qd2 f5 14. Bh6 Kh8
15. Bxg7+ Kxg7 16. Nb4 e4 17. Rad1 Qe5 18. Nd5 Rf7 19. f4 Qb8 20. g4 a6 21.
Nbc3 d6 22. gxf5 gxf5 23. Kh1 Be6 24. Bh3 Kh8 25. Nxe4 fxe4 26. Bxe6 Rg7 27.
Qc3 Raa7 28. Rg1 Ne7 29. f5 Nxd5 30. cxd5 Qd8 31. Rc1 Nf6 32. Qxf6 1-0

[Event "VIII Open A Inverno"]
[Site "Offida ITA"]
[Date "2010.12.12"]
[Round "6"]
[White "Di Donatantonio, Franco"]
[Black "Santinelli, Michele"]
[Result "1-0"]
[WhiteElo "2123"]
[BlackElo "1747"]
[PlyCount "66"]
[EventDate "2010.12.05"]

1. e4 e5 2. d3 d6 3. Nf3 Nc6 4. Be2 g6 5. O-O Bg7 6. c3 Nge7 7. Bg5 h6 8. Be3
O-O 9. Na3 f5 10. exf5 Nxf5 11. Bd2 d5 12. Nc2 Nce7 13. Ne3 c5 14. Qc2 Qd6 15.
Rad1 Nxe3 16. fxe3 g5 17. e4 d4 18. cxd4 exd4 19. Rc1 b6 20. b4 cxb4 21. e5
Bxe5 22. Nxe5 Rxf1+ 23. Rxf1 Qxe5 24. Bf3 Rb8 25. Bxb4 Nd5 26. Bxd5+ Qxd5 27.
Rf8+ Kg7 28. Qc7+ Kg6 29. Qxb8 Be6 30. Be1 Qxa2 31. Qe5 Bf7 32. h4 gxh4 33.
Bxh4 Qe6 1-0

[Event "VIII Open A Inverno"]
[Site "Offida ITA"]
[Date "2010.12.12"]
[Round "6"]
[White "Fioravanti, Emidio"]
[Black "Giobbi, Costantino"]
[Result "1-0"]
[WhiteElo "1963"]
[BlackElo "1916"]
[PlyCount "91"]
[EventDate "2010.12.05"]

1. e4 e6 2. d4 d5 3. e5 c5 4. c3 Nc6 5. Nf3 Bd7 6. a3 c4 7. Nbd2 Na5 8. Be2 Ne7
9. O-O Nf5 10. Kh1 Be7 11. g4 Nh6 12. Rg1 Qb6 13. Rb1 O-O-O 14. Nf1 Nb3 15. Bf4
Ba4 16. Ne3 Ng8 17. Qf1 Na5 18. Bd1 Bxd1 19. Qxd1 Nb3 20. Nc2 f6 21. Qe2 g5 22.
exf6 Bxf6 23. Nxg5 Bxg5 24. Bxg5 Re8 25. Qe5 h6 26. Qxh8 hxg5 27. Qh5 Qd8 28.
Qg6 Nd2 29. Rbe1 Nf6 30. Qxg5 Nf3 31. Qf4 Nxg1 32. Kxg1 Nxg4 33. Re2 Rf8 34.
Qg3 Rg8 35. Kf1 Kd7 36. Ke1 Nf6 37. Qe5 Rg1+ 38. Kd2 Ne4+ 39. Rxe4 dxe4 40.
Qb5+ Kc8 41. Qxc4+ Kb8 42. Qxe6 Rb1 43. Qe5+ Ka8 44. Qxe4 Rxb2 45. Kd3 Qh8 46.
h4 1-0

[Event "VIII Open A Inverno"]
[Site "Offida ITA"]
[Date "2010.12.12"]
[Round "6"]
[White "Gregori, Giacomo"]
[Black "Dazj, Andrea"]
[Result "1-0"]
[WhiteElo "1902"]
[BlackElo "1864"]
[PlyCount "79"]
[EventDate "2010.12.05"]

1. Nf3 d6 2. d4 Nf6 3. c4 Nbd7 4. Nc3 g6 5. g3 Bg7 6. Bg2 O-O 7. O-O e5 8. e4
c6 9. h3 Qc7 10. Be3 Re8 11. d5 h6 12. Qd2 Kh7 13. Rfd1 c5 14. a3 a6 15. Rac1
Nf8 16. Qe2 Bd7 17. b4 b6 18. Nd2 g5 19. Rb1 Ng6 20. Rb2 Rab8 21. Rdb1 Ng8 22.
Qf3 Nf6 23. Qd1 Ng8 24. bxc5 bxc5 25. Rxb8 Rxb8 26. Rxb8 Qxb8 27. Qb3 Qc8 28.
Kh2 Nf4 29. gxf4 exf4 30. Bxf4 gxf4 31. Ne2 Be5 32. Nf3 Qe8 33. Nxe5 Qxe5 34.
Qf3 Qa1 35. Qxf4 Qxa3 36. Qxf7+ Kh8 37. Nf4 Ne7 38. Qf8+ Ng8 39. Ng6+ Kh7 40.
Qf7# 1-0

[Event "VIII Open A Inverno"]
[Site "Offida ITA"]
[Date "2010.12.12"]
[Round "6"]
[White "Piergentili, Roberto"]
[Black "Coccagna, Marcello"]
[Result "1-0"]
[WhiteElo "1791"]
[BlackElo "1487"]
[PlyCount "81"]
[EventDate "2010.12.05"]

1. d4 Nf6 2. c4 g6 3. Nc3 Bg7 4. e4 d6 5. f3 O-O 6. Be3 Nc6 7. Qd2 e6 8. Nge2
e5 9. d5 Na5 10. Nc1 c5 11. dxc6 Nxc6 12. Nb3 Be6 13. Nd5 b6 14. Be2 Rb8 15.
O-O Rb7 16. Rfd1 Rd7 17. a4 Qb8 18. Nb4 Nxb4 19. Qxb4 Rfd8 20. Nd2 Rc8 21. Rac1
Rc6 22. Nb1 Qc8 23. b3 Bf8 24. Qe1 Nh5 25. Nc3 Qd8 26. Nd5 f5 27. c5 Rf7 28.
Bb5 Rc8 29. c6 f4 30. Bf2 Bxd5 31. exd5 Rcc7 32. a5 Rg7 33. axb6 axb6 34. Bxb6
Qg5 35. Bxc7 Rxc7 36. Qa5 Qe7 37. Be2 e4 38. fxe4 Qxe4 39. Bxh5 Qe3+ 40. Kh1
Rg7 41. c7 1-0

[Event "III Open San Benedetto Martire"]
[Site "San Benedetto del Tronto ITA"]
[Date "2010.11.07"]
[Round "1"]
[White "Okinczyc, Alessandro"]
[Black "Faini, Marco"]
[Result "1/2-1/2"]
[WhiteElo "1683"]
[BlackElo "1951"]
[PlyCount "100"]
[EventDate "2010.11.07"]

1. e4 c5 2. Nf3 d6 3. d4 cxd4 4. Nxd4 Nf6 5. Nc3 a6 6. Bg5 e6 7. f4 Qb6 8. Qd2
Nc6 9. O-O-O Nxd4 10. Qxd4 Qxd4 11. Rxd4 Be7 12. Be2 Bd7 13. Bf3 e5 14. Rd3 Bc6
15. Rhd1 b5 16. Rxd6 Bxd6 17. Rxd6 Rc8 18. fxe5 Nd7 19. Bg4 h6 20. Bh4 g5 21.
Bf2 Rc7 22. Bxd7+ Bxd7 23. Nd5 Rb7 24. Rxa6 Rb8 25. Nf6+ Kd8 26. Bc5 Be6 27.
Ra7 Re8 28. Nxe8 Kxe8 29. b3 h5 30. a4 bxa4 31. Rxa4 Kd7 32. Ra6 Rc8 33. Bd6
Bxb3 34. Ra7+ Kc6 35. Bc7 Be6 36. Ba5 Kb5 37. Bd2 g4 38. g3 Kc4 39. Ra3 Kd4 40.
Ra4+ Kxe5 41. Bf4+ Kf6 42. Kd2 Rd8+ 43. Ke3 Rc8 44. Kd3 Rd8+ 45. Rd4 Ra8 46.
Rd6 Ra3+ 47. c3 Ra2 48. Bd2 Ke7 49. Rb6 Ra4 50. Rb4 Ra5 1/2-1/2

[Event "III Open San Benedetto Martire"]
[Site "San Benedetto del Tronto ITA"]
[Date "2010.11.07"]
[Round "1"]
[White "Pierantozzi, Stanislao"]
[Black "Faini, Ivano"]
[Result "1-0"]
[WhiteElo "1944"]
[BlackElo "1674"]
[PlyCount "69"]
[EventDate "2010.11.07"]

1. d4 e5 2. dxe5 Nc6 3. Nf3 Qe7 4. Nbd2 Nxe5 5. Nxe5 Qxe5 6. Nf3 Qf6 7. e4 d6
8. h3 g6 9. Bc4 Be6 10. Bxe6 fxe6 11. O-O Rb8 12. Be3 Nh6 13. Bxa7 Ra8 14. Bd4
e5 15. Be3 c6 16. Qd2 Nf7 17. Qb4 b5 18. Qc3 c5 19. Qd3 b4 20. Qb5+ Kd8 21.
Qb6+ Kc8 22. Bxc5 Qd8 23. Qc6+ Kb8 24. Bxb4 Ra7 25. Rfd1 Rc7 26. Qb6+ Ka8 27.
Ba5 Rc8 28. Qa6+ Kb8 29. Bxd8 Nxd8 30. Rd5 Kc7 31. Rad1 Nb7 32. Nxe5 Be7 33.
Qc6+ Kb8 34. Nd7+ Ka7 35. Qb6+ 1-0